| 000 | 00622nam a22001457a 4500 | ||
|---|---|---|---|
| 020 | _a978-0-451-19115-1 | ||
| 082 |
_a823 _bRAN/F |
||
| 100 | _aRAND,AYN | ||
| 245 | _aTHE FOUNTAINHEAD | ||
| 260 |
_aNEW YORK _bPENGUIN GROUP |
||
| 300 | _a704 | ||
| 520 | _aThe Fountainhead is a 1943 novel by Russian-American author Ayn Rand, her first major literary success. The novel's protagonist, Howard Roark, is an intransigent young architect who battles against conventional standards and refuses to compromise with an architectural establishment unwilling to accept innovation. | ||
| 650 |
_aNOVEL ENGLISH _zNEW YORK |
||
| 942 | _cBK | ||
| 999 |
_c3319 _d3319 |
||